Tourism, (Record no. 29359)
[ view plain ]
| 000 -LEADER | |
|---|---|
| fixed length control field | 01475nam a22004091a 4500 |
| 001 - CONTROL NUMBER | |
| control field | 013687109 |
| 003 - CONTROL NUMBER IDENTIFIER | |
| control field | EG-ScBUE |
| 005 - DATE AND TIME OF LATEST TRANSACTION | |
| control field | 20211017132307.0 |
| 008 - FIXED-LENGTH DATA ELEMENTS--GENERAL INFORMATION | |
| fixed length control field | 110420k20132006enka f d 000 0 eng d |
| 020 ## - INTERNATIONAL STANDARD BOOK NUMBER | |
| International Standard Book Number | 9780194551069 (volume 3) |
| 020 ## - INTERNATIONAL STANDARD BOOK NUMBER | |
| International Standard Book Number | 9780194551007 (volume 1) |
| 020 ## - INTERNATIONAL STANDARD BOOK NUMBER | |
| International Standard Book Number | 0194551008 (volume 1) |
| 020 ## - INTERNATIONAL STANDARD BOOK NUMBER | |
| International Standard Book Number | 9780194551038 (volume 2) |
| 040 ## - CATALOGING SOURCE | |
| Original cataloging agency | StDuBDS |
| Language of cataloging | eng |
| Description conventions | rda |
| Transcribing agency | StDuBDS |
| Modifying agency | EG-ScBUE |
| 082 04 - DEWEY DECIMAL CLASSIFICATION NUMBER | |
| Classification number | 428.24071 |
| Item number | WAL |
| Edition number | 22 |
| 100 1# - MAIN ENTRY--PERSONAL NAME | |
| Personal name | Walker, Robin, |
| Relator term | author. |
| 245 10 - TITLE STATEMENT | |
| Title | Tourism, |
| Name of part/section of a work | Student's book / |
| Statement of responsibility, etc | Robin Walker and Keith Harding. |
| 246 30 - VARYING FORM OF TITLE | |
| Title proper/short title | Student's book |
| 250 ## - EDITION STATEMENT | |
| Edition statement | Reprinted edition. |
| 264 #1 - PUBLICATION, DISTRIBUTION, ETC. (IMPRINT) | |
| Place of publication, distribution, etc | Oxford ; |
| -- | New York : |
| Name of publisher, distributor, etc | Oxford University Press, |
| Date of publication, distribution, etc | 2013. |
| 300 ## - PHYSICAL DESCRIPTION | |
| Extent | 3 volumes : |
| Other physical details | illustrations ; |
| Dimensions | 28 cm. |
| 336 ## - CONTENT TYPE | |
| Content type term | text |
| Source | rdacontent |
| Content type code | txt |
| 337 ## - MEDIA TYPE | |
| Media type term | unmediated |
| Source | rdamedia |
| Media type code | n |
| 338 ## - CARRIER TYPE | |
| Carrier type term | volume |
| Source | rdacarrier |
| Carrier type code | nc |
| 490 0# - SERIES STATEMENT | |
| Series statement | Oxford English for careers |
| 500 ## - GENERAL NOTE | |
| General note | Includes glossary. |
| 505 0# - FORMATTED CONTENTS NOTE | |
| Formatted contents note | Volume 1 -- Volume 2 -- Volume 3. |
| 650 #7 - SUBJECT ADDED ENTRY--TOPICAL TERM | |
| Topical term or geographic name as entry element | English language |
| General subdivision | Study and teaching (Continuing education) |
| -- | Foreign speakers. |
| Source of heading or term | BUEsh |
| 650 #7 - SUBJECT ADDED ENTRY--TOPICAL TERM | |
| Topical term or geographic name as entry element | English language |
| General subdivision | Business English |
| -- | Study and teaching (Continuing education) |
| -- | Foreign speakers. |
| Source of heading or term | BUEsh |
| 650 #7 - SUBJECT ADDED ENTRY--TOPICAL TERM | |
| Topical term or geographic name as entry element | Tourism |
| Form subdivision | Terminology. |
| Source of heading or term | BUEsh |
| 653 ## - INDEX TERM--UNCONTROLLED | |
| Resource For college | Generalities |
| Arrived date list | August2021 |
| 655 ## - INDEX TERM--GENRE/FORM | |
| Form subdivision | Reading book |
| 9 (RLIN) | 34232 |
| 700 1# - ADDED ENTRY--PERSONAL NAME | |
| Personal name | Harding, Keith, |
| Dates associated with a name | 1956- |
| Relator term | author. |
| 9 (RLIN) | 32400 |
| 942 ## - ADDED ENTRY ELEMENTS (KOHA) | |
| Source of classification or shelving scheme | Dewey Decimal Classification |
| Koha item type | Book - Borrowing |
| Withdrawn status | Lost status | Source of classification or shelving scheme | Damaged status | Not for loan | Collection code | Home library | Current library | Shelving location | Date acquired | Source of acquisition | Total Checkouts | Full call number | Barcode | Date last seen | Price effective from | Koha item type | Public note |
|---|---|---|---|---|---|---|---|---|---|---|---|---|---|---|---|---|---|
| Dewey Decimal Classification | Donation-Gift | Central Library | Central Library | Second Floor | 16/08/2021 | Donation | 428.24071 WAL | 000050552 | 15/07/2025 | 16/08/2021 | NB - Book (Non borrowing) | Volume 3 | |||||
| Dewey Decimal Classification | Donation-Gift | Central Library | Central Library | Second Floor | 16/08/2021 | Donation | 428.24071 WAL | 000050553 | 15/07/2025 | 16/08/2021 | Book - Borrowing | Volume 3 | |||||
| Dewey Decimal Classification | Central Library | Central Library | Ground Floor | 16/09/2021 | Donation | 428.24071 WAL | 000046453 | 15/07/2025 | 16/09/2021 | Book - Borrowing | Volume 1 | ||||||
| Dewey Decimal Classification | Donation-Gift | Central Library | Central Library | Second Floor | 17/10/2021 | Donation | 428.24071 WAL | 000050854 | 15/07/2025 | 17/10/2021 | Book - Borrowing | Volume 2 |